[Event "World-ch Tournament"]
[Site "Mexico City"]
[Date "2007.09.19"]
[Round "6"]
[White "Grischuk, Alexander"]
[Black "Svidler, Peter"]
[Result "1/2-1/2"]
[WhiteElo "2726"]
[BlackElo "2735"]
[Annotator "Stohl,I"]
[PlyCount "81"]
[EventDate "2007.09.13"]
[EventType "tourn"]
[EventRounds "14"]
[EventCountry "MEX"]
[EventCategory "21"]
[SourceTitle "CBM 120"]
[Source "ChessBase"]
[SourceDate "2007.10.02"]
[SourceVersion "1"]
[SourceVersionDate "2007.10.02"]
[SourceQuality "1"]

1. Nf3 d5 2. d4 Nf6 3. c4 c6 4. Nc3 e6 5. Bg5 h6 6. Bh4 dxc4 7. e4 g5 8. Bg3 b5
9. Be2 Bb7 10. h4 g4 11. Ne5 h5 12. O-O Nbd7 13. Qc2 Nxe5 14. Bxe5 Bg7 15. Bg3
$5 {[%mdl 512] It's back to Sakaev's double-edged P sacrifice.} ({After} 15.
Rad1 O-O 16. Bg3 (16. f3 Nh7 17. Bxg7 Kxg7 18. fxg4 Qxh4 19. gxh5 Ng5 20. Qd2
Nh3+ $11 {is a well-known draw.}) 16... Nd7 17. f3 {Grischuk was obviously not
sure, how to cope with the stunning new Anand/Nielsen idea} c5 $1 (17... Qb6
$132 {is the older continuation.}) 18. dxc5 Qe7 19. Kh1 a6 20. a4 Bc6 21. Nd5
$6 exd5 22. exd5 Be5 $1 23. f4 Bg7 24. dxc6 Nxc5 25. Rd5 Ne4 26. Be1 Qe6 27.
Rxh5 f5 28. Kh2 Rac8 $17 {[%csl Re2,Rh5] צh5,Be2,Aronian,L (2750)-Anand,V 
(2792)/WCh Mexico City/2007/}) ({A rare, but plausible option is} 15. b3 cxb3
16. axb3 O-O 17. Rad1 ({Even now the idea} 17. Bg3 $5 {deserves attention:}
Qxd4 18. Rad1 Qb4 19. e5 Nd5 20. Ne4 $13 {Contrary to the game, Black has
already committed his K to the >> and Ng5 becomes an option.}) 17... Nh7 (17...
Qe7 18. Bg3 $44) (17... Ne8 $142 $5 18. Bxg7 Nxg7 19. g3 e5 $13) 18. Bxg7 Kxg7
19. g3 Rc8 (19... e5 $5) 20. f3 f5 21. exf5 exf5 22. fxg4 Qc7 23. Kh2 fxg4 24.
Ne4 Rce8 25. Bd3 Qe7 26. Nc5 $16 {Goldin,A (2566)-Novikov,I (2591)/New York/
2000/}) 15... Qxd4 {The most principled reaction.} (15... O-O 16. e5 Nh7 (16...
Nd7 17. Ne4 $44 {|^}) 17. Rad1 {transposes into a position, which is rather
promising for White:} f5 18. exf6 Qxf6 19. b3 $5 (19. f3 Qf5 20. Qd2 Qg6 21.
fxg4 hxg4 22. Qe3 Rf5 23. Ne4 c5 24. Nxc5 Bd5 25. a4 Raf8 26. axb5 Rf3 27. gxf3
gxf3 28. Kh2 {Kramnik,V (2770)-Akopian,V (2660)/Dortmund/2000/} Bh6 $1 29. Qe5
Bg7 $11 {Kramnik}) 19... cxb3 20. axb3 Rfd8 21. Ne4 Qe7 22. Nc5 $44 {Van Wely,
L (2617)-Dreev,A (2682)/Dordrecht 5'/2004/}) 16. Rfd1 {As already emphasized
by Lutz in his notes to earlier games, it's better to attack the Q with this R.
White's chances on the <->f, connected with f3 are unrealistic, while now the
Ra1 supports the a4 advance.} (16. Rad1 $143 Qb6 (16... Qc5 {is perhaps also
possible:} 17. e5 Nd5 18. Ne4 Qb6 19. Nd6+ Kf8 20. Kh1 Kg8 21. Qe4 Rf8 22. f3 (
22. Nxb7 $5 Qxb7 23. f3 $132 {Lutz}) 22... Ba8 23. fxg4 Qe3 24. Rf3 Qxe4 25.
Nxe4 hxg4 26. Ra3 b4 27. Rxa7 Ne3 $36 {Wendt,J (2289)-Van Wely,L (2687)/
Minneapolis/2005/}) 17. e5 Nd5 18. Ne4 O-O-O 19. Nd6+ Rxd6 20. exd6 f5 21. Kh2
Kd7 22. Rfe1 {Wu Shaobin (2545)-Al Sayed,M (2431)/Doha/2003/} Bd4 $17 {Black's
forces are beautifuly centralized and coordinated, White can hope only for
tactical tricks.}) 16... Qc5 $146 {[%mdl 8] A novelty, but afterwards Svidler
confessed he didn't analyse it deeply enough.} ({It remains an open question,
what exactly was on Grischuk's mind after the more logical} 16... Qb6 17. a4 a6
$5 (17... a5 $6 18. Rd6 $1 {[%cal Rc3b5] /\Nb5} (18. Qc1 $2 b4 19. e5 Bh6 20.
Bf4 Bxf4 21. Qxf4 Nd5 22. Nxd5 cxd5 23. Qf6 Rg8 $19 {Johannessen,L (2543)
-Matthiesen,A (2356)/Saint Vincent/2005/}) 18... b4 19. e5 Nd5 (19... bxc3 $2
20. Rxe6+ $1 fxe6 21. Qg6+ Kd8 22. exf6 Bh6 23. Rd1+ Kc8 24. Bxc4 $18) 20. Nxd5
exd5 21. Rd1 Qc7 (21... Qc5 22. e6 $40) 22. Bxc4 $1 Qe7 23. R1xd5 $1 b3 24. Qc3
cxd5 25. Bb5+ Kf8 26. Rd7 Qe6 27. Qc7 $16 {Sirota,A (2548)-Valentine,S (2460)/
IECG email/2003/}) 18. Qd2 Rh6 $1 (18... Bh6 19. Qd6 Bf8 20. Qe5 Be7 21. Bf4
Rg8 22. Bg5 g3 23. Qxg3 Nh7 24. a5 Qa7 25. Bxh5 Nxg5 26. hxg5 Rxg5 27. Qf3 Rg7
28. Qf4 Qb8 29. e5 $44 {|^,Khalifman,A (2658)-Kobalia,M (2644)/Sochi/2005/})
19. Qf4 Rg6 20. Qe5 $6 (20. Bf1 $5 {Kobalia}) 20... Bf8 21. Rd2 Rc8 22. Rad1
Qc5 23. Rd8+ (23. Qf4 b4 $17) 23... Rxd8 24. Rxd8+ Kxd8 25. Qc7+ Ke8 26. Qb8+
Ke7 27. Bc7 e5 28. Qxb7 Nd7 $19 {Bocharov,D (2574)-Kobalia,M (2614)/Abu Dhabi/
2005/}) 17. Bd6 ({Kobalia recommends the simple} 17. e5 Nd5 18. Ne4 Qb6 19.
Nd6+ Kf8 $13 {/=/+ , but this has its drawbacks as well.}) ({White doesn't
want to shut out his Bg3, but} 17. Bc7 $6 {runs into} Nd5 $1 18. exd5 cxd5 19.
Bf4 Qc6 $36) 17... Qb6 18. a4 {[%csl Rb6] /\a5,ף White plays the thematic
move after all.} (18. Qc1 Nd7 $15 (18... Bh6 19. Bf4 Ng8 $5 $13)) (18. b3 O-O-O
{/\} 19. bxc4 Rxd6 $1 20. Rxd6 g3 $36) 18... a6 $5 (18... b4 $2 19. a5 $16 {
is out of question.}) ({Black doesn't want his Q to end up locked up on a6 and
} 18... a5 19. e5 Nd5 (19... Nd7 20. Ne4 $36) 20. Ne4 $44 {seems to be a more
shaky alternative.}) 19. e5 {A logical, but also quite committal continuation.
White had other alternatives:} (19. Be5) (19. Qc1 $5 {- this seems more
appropriate, than one move earlier.}) 19... Nd7 20. a5 $5 {Relieves the
tension, but also misplaces Black's Q.} Qa7 (20... Qd8 $143 21. Ne4 $36 Qxh4 $2
22. Bc7 $16) 21. Ne4 c5 22. Ng5 {[%cal Rg5e6] /\Ne6} Nxe5 $1 {A brave decision.
} (22... Bd5 $2 23. Rxd5 exd5 24. Qf5 $40) ({Black can play also} 22... Rh6 {
, but after} 23. Qd2 Bd5 24. Qf4 $44 {his forces are passive and untangling
them remains a problem.}) 23. Bxe5 {White is 3 P down, so he seeks a concrete
solution.} (23. Ra3 Rd8 (23... O-O-O 24. Bxe5 Bxe5 25. Nxf7 Bd4 26. Nxd8 Rxd8
27. Qg6 Bd5 $13) 24. Re3 Rxd6 25. Rxd6 Bd5 $15 {/~~}) 23... Bxe5 24. Bxc4 $1 {
[%mdl 64] Grischuk activates another attacking piece and initiates further
wild tactical complications.} ({Too optimistic is} 24. Nxf7 $2 Kxf7 25. Rd7+
Kf6 26. Qd2 Rag8 $19 {and White has no suitable follow-up.}) 24... bxc4 (24...
Rh6 $2 25. Nxf7 $1 {/\} Kxf7 26. Qf5+ Bf6 27. Rd7+ Kg8 28. Bxe6+ Kh8 29. Rad1
$1 Rf8 30. Rd8 $18 {This line illustrates the pressure against e6 and f7 is
very serious, so Svidler decides to liquidate the attacking B, which in turn
amounts to Q sacrifice.}) ({However, the greedy} 24... Bc8 $5 25. Bd5 Rb8 $13 {
deserves attention. Although with the K in the [+] Black's position hangs on a
thin thread, White still lacks anything more concrete.} (25... exd5 $2 26. Rxd5
$40)) 25. Qa4+ Kf8 26. Rd7 Bd5 $8 ({Practically forced, as giving up the Pf7
is extremely dangerous:} 26... Kg8 $6 27. Nxf7 $40 {/\} Bd4 28. Nd8 Bd5 (28...
Qb8 29. Rxd4 $1 cxd4 30. Qe8+ Kg7 31. Qe7+ Kg6 32. Qg5+ Kh7 33. Nxe6 $18) 29.
Rxa7 Rxa7 30. Nxe6 $16) 27. Rd1 $1 {White can continue improving his position
before he cashes in.} Bd4 (27... Qb8 $2 28. Rxf7+ Kg8 29. Rxd5 $1 Rh6 (29...
exd5 30. Qc6 Bd6 31. Rg7+ Kxg7 32. Qd7+ Kh6 33. Qe6+ Kg7 34. Qf7+ Kh6 35. Qf6#)
30. Qd7 $5 exd5 31. Qxd5 Kh8 32. Rb7 $18) 28. Rxa7 {This simple solution is
easy to understand - Grischuk was (as usual) already running short of time.} (
28. b3 $5 {is an interesting attempt to avoid the game continuation. After the
game at the press-conference Svidler said this is what he was more afraid of,
but here Black can already retain his Q and the position remains very murky:}
Qb8 (28... g3 $2 29. Rxd4 cxd4 30. Rxa7 Rxa7 31. bxc4 gxf2+ 32. Kf1 $1 {/\} (
32. Kxf2 $16) 32... Ba8 33. Qa3+ Re7 34. Qd6 Rh6 35. Qb8+ Re8 36. Qa7 $1 Rf6
37. Nh7+ $18) 29. Rxf7+ Kg8 30. bxc4 (30. Qd7 Qe8 $17 {leads nowhere.}) 30...
g3 (30... Rh7 31. Nxh7 $1 (31. Rxh7 Qg3 32. Rg7+ Kh8 $1 $11) 31... Kxf7 32.
cxd5 $36) 31. cxd5 gxf2+ 32. Rxf2 (32. Kh1 Qe5 33. Qc6 Qxd5 (33... Qe1+ 34. Kh2
Rd8 $5 35. Rxd4 $5 cxd4 36. Qc7 f1=N+ 37. Rxf1 Qxf1 38. Qxd8+ Qf8 39. Qc7 exd5
40. Qe5 Rh6 $11) 34. Qc7 Qe5 35. Qxe5 Bxe5 36. Rxf2 Rh6 $11 {In this _|_ Black
manages to coordinate his forces and he is out of danger.}) 32... Bxf2+ 33.
Kxf2 Qb4 $5 {and with both K weak a draw seems to be the most probable result.
A plausible line is} 34. Qc6 Qxh4+ 35. Kg1 Rf8 36. Qxe6+ Kg7 37. Qe5+ Kg6 38.
Ne6 Rf6 39. Rd3 Qf2+ 40. Kh2 Rg8 $1 41. Rg3+ Kh6 42. Rxg8 Qh4+ 43. Kg1 Qf2+ $11
) 28... Rxa7 29. b3 Kg7 (29... cxb3 $6 30. Rxd4 cxd4 31. Qxd4 Rb7 $1 (31... f6
32. Nxe6+ Bxe6 33. Qxa7 $16) 32. Qxh8+ Ke7 33. Qb2 f6 34. Qa3+ (34. Nh7 e5 $44)
34... Kd7 35. Qa4+ Bc6 36. Qd4+ Bd5 37. Ne4 b2 38. Nd2 b1=Q+ 39. Nxb1 Rxb1+ 40.
Kh2 $16 {Here White's winning chances are very realistic.}) 30. bxc4 Ba8 {
[%csl Ga8,Gd4,Rg7] Black has sufficient material compensation for the Q and if
he manages to consolidate his position, with his active ^^ he can have
ambitions. However, this is not easy - his K is permanently vulnerable.} 31.
Qc2 {White chooses the direct method to reactivate his Q, but Black has enough
<=> and the game heads towards a draw. Less forcing continuations are unclear:}
(31. Qb3 Rd7 32. Kh1 $13 (32. Qg3 Re8 {[%cal Yf7f6] /\f6=/+})) (31. Kf1 Rb7 (
31... Rh6 32. Rxd4 cxd4 33. c5 $36) 32. f3 $5 $13) 31... g3 (31... Rd7 32. Kf1
$14 {/\Rb1}) 32. Rxd4 cxd4 33. Qe2 gxf2+ (33... Re7 34. Qe5+ (34. fxg3 e5 $15)
34... f6 35. Nxe6+ Kf7 36. Ng5+ $1 fxg5 37. Qf5+ (37. Qxh8 $4 Re1#) 37... Kg7
38. Qxg5+ $11) 34. Qxf2 (34. Kxf2 {[%cal Re2e5] /\Qe5} Kf6 35. Nh7+ $1 Kg7 (
35... Rxh7 $2 36. Qd3 $1 $16 {/\Qh7,Qd4 wins one of the R with serious winning
chances.}) 36. Ng5 $11) 34... Rd8 ({A safer choice is} 34... e5 $142 $1 {
which more or less forces White to make a draw:} 35. Qg3 f6 36. Ne6+ (36. Ne4+
Kf7 37. Nxf6 Kxf6 38. Qg5+ Kf7 39. Qf5+ (39. Qxe5 Rh7 $1 $15 {coordinates the
R and gives Black some winning chances.}) 39... Kg8 40. Qg6+ $11) 36... Kh6 37.
Qf2 Rf7 38. Ng5 Rff8 39. Ne6 Rf7 $11 (39... Kg6 $44 {is possibly also playable,
but not too rational: with his ע Black anyway can't hope for more than a draw.
})) 35. Qg3 Kf8 36. Qe5 $36 Ke8 $2 $138 {[%mdl 8192] Handling such positions
faultlessly in time-trouble is practically impossible, this error could have
cost Black dearly...} (36... Rad7 $142 $5 37. Nh7+ (37. Qh8+ Ke7 38. Qg7 d3 $5
{[%csl Gd3] o^<=>} 39. c5 (39. Qxf7+ Kd6 40. Qf4+ Kc6 $5 41. Qe3 Kb7 42. Nxe6
d2 43. Nxd8+ Rxd8 44. Qe7+ Kc8 45. Qc5+ $11) 39... Rf8 40. Nh7 Rfd8 41. Qg5+
Ke8 42. Nf6+ Kf8 43. Nxd7+ Rxd7 44. c6 d2 45. Qc5+ Kg8 46. Qg5+ $11) 37... Ke7
38. Qc5+ $5 (38. Nf6 d3 $1 39. Nxd7 Rxd7 $44) 38... Rd6 $8 39. Qg5+ Kd7 40. c5
Rc6 41. Nf6+ Kc8 42. Ne4 d3 43. Nd6+ Kc7 $14 {/<=>}) (36... d3 $2 37. Qc5+ Re7
38. Nh7+ Ke8 39. Nf6+ Kf8 40. Ng8 $1 $18) 37. Nxe6 $2 $138 {The time-trouble
was mutual and Grischuk returns the favour - this tempting blow only draws.} (
37. Qh8+ $1 Ke7 $8 38. Qg7 $40 {/\} Rf8 39. Nxe6 $18) 37... fxe6 38. Qh8+ Ke7
39. Qg7+ Ke8 40. Qh8+ (40. Qxa7 d3 41. Qxa6 d2 (41... Ke7 $5 $11) 42. Qxe6+ Kf8
43. Qf5+ Ke8 44. Qxh5+ Ke7 $11) 40... Ke7 (40... Kd7 $4 41. Qxd4+ $18) 41. Qg7+
1/2-1/2

[Event "World-ch Tournament"]
[Site "Mexico City"]
[Date "2007.09.20"]
[Round "7"]
[White "Kramnik, Vladimir"]
[Black "Gelfand, Boris"]
[Result "1/2-1/2"]
[WhiteElo "2769"]
[BlackElo "2733"]
[Annotator "Stohl,I"]
[PlyCount "80"]
[EventDate "2007.09.13"]
[EventType "tourn"]
[EventRounds "14"]
[EventCountry "MEX"]
[EventCategory "21"]
[SourceTitle "CBM 120"]
[Source "ChessBase"]
[SourceDate "2007.10.02"]
[SourceVersion "1"]
[SourceVersionDate "2007.10.02"]
[SourceQuality "1"]

1. d4 d5 2. c4 c6 3. Nf3 Nf6 4. Nc3 e6 5. Bg5 h6 6. Bh4 {This sharp move is
nowadays the main try. Although White has had some recent success with the
more sedate} (6. Bxf6 {theoretically Black is still doing fine here:} Qxf6 7.
Qb3 (7. e3 Nd7 8. Bd3 g6 9. e4 dxc4 10. e5 Qe7 11. Bxc4 Bg7 12. O-O O-O 13. Re1
Rd8 14. Qe2 b6 15. Rad1 a5 16. Bd3 Bb7 17. Be4 b5 18. h4 Nb6 19. Bb1 c5 $1 20.
Nxb5 Ba6 $132 21. h5 g5 22. Nh2 Rxd4 23. Rxd4 {1/2,Kramnik,V (2769)-Svidler,P 
(2735)/WCh Mexico City/2007/}) 7... Nd7 (7... dxc4 8. Qxc4 Nd7 9. e3 g6 10. Be2
(10. h4 $5 $13 {is a sharper try.}) 10... Bg7 11. O-O O-O 12. Rfd1 e5 (12...
Qe7 $142 $5 {[%cal Yf8d8,Ye6e5] /\Rd8,e5<=>}) 13. Ne4 Qe7 (13... Qf5 $5 14. Nd6
Qf6 $14) 14. d5 cxd5 15. Qxd5 Nb6 16. Qc5 $1 Qxc5 17. Nxc5 $36 Bg4 18. h3 Rac8
19. Nxb7 Be6 20. b3 Rc2 21. Bf1 Nd5 22. Bc4 Nc3 23. Rd2 Rxd2 24. Nxd2 e4 25.
Kf1 Rb8 26. Nc5 Bxc4+ 27. Nxc4 Rb5 28. Na6 $1 $16 {Carlsen,M (2710)-Onischuk,A
(2650)/Biel/2007/}) 8. e4 dxe4 9. Nxe4 Qf4 10. Bd3 e5 11. O-O exd4 (11... Be7
$142 {-see more details in the notes to the game Mamedyarov-Topalov, Sofia
2007.}) 12. Nxd4 Nc5 13. Nxc5 Bxc5 14. Rae1+ Kf8 15. Re4 Qf6 16. Qc3 $14 a5 $6
17. Rfe1 Bd7 18. R1e3 Bb4 19. Qc2 Qd6 20. Rf3 h5 $2 21. c5 $1 Bxc5 22. Bc4 f6
23. Ne6+ Bxe6 24. Rxe6 $18 {->,Mamedyarov,S (2757)-Topalov,V (2772)/Sofia/2007/
}) 6... dxc4 7. e4 g5 8. Bg3 b5 9. Be2 Bb7 10. O-O {This simple move is the
latest fashion.} ({After} 10. h4 g4 11. Ne5 h5 12. O-O Nbd7 {the brilliant
game Aronian-Anand, WCh 2007 has shown not only Black's, but also White's >>
can become seriously vulnerable.}) 10... Nbd7 11. Ne5 h5 {Another important
crossroads. The main alternative, favoured by Anand, is} (11... Bg7 12. Nxd7
Nxd7 13. Bd6 a6 14. Bh5 (14. a4 e5 15. Bg4 exd4 16. e5 c5 17. Bf3 Ra7 $2 (17...
Nxe5 $1 18. Bxb7 Qxd6 19. Bxa8 O-O $44 {|^}) 18. Bxb7 Rxb7 19. Ne4 Nxe5 20.
axb5 axb5 21. f4 gxf4 22. Qh5 Rb6 23. Bxe5 Qd5 24. Rxf4 Rg6 25. Nd6+ Rxd6 26.
Rxf7 Bxe5 27. Rb7+ Kf8 28. Ra8+ {1-0,Iljin,A (2538)-Nepomniachtchi,I (2602)/
EU-ch Dresden/2007/ For more details about this line see the notes to this
game.}) 14... Bf8 15. Bxf8 Rxf8 16. e5 Qb6 17. b3 $5 $146 (17. Ne4 O-O-O 18.
Nd6+ Kb8 19. b3 $5 (19. Nxf7 Rxf7 20. Bxf7 Nxe5 21. Qh5 Rxd4 22. Bxe6 c5 $36 {
Radjabov,T (2728)-Anand,V (2779)/Mainz rpd m/2006/}) 19... f6 $6 (19... c3 $5
$13) 20. bxc4 fxe5 21. a4 (21. c5 $1 $16) 21... exd4 22. axb5 cxb5 23. Nxb7
Kxb7 24. cxb5 axb5 25. Bf3+ $44 {Ernst,S (2504)-Van Wely,L (2675)/NED-chT/2006/
}) 17... O-O-O (17... c5 $5 18. d5 O-O-O $132 {possibly deserves a closer look.
}) 18. bxc4 Nxe5 (18... c5 $2 19. cxb5 axb5 20. Qc2 $40 {[%csl Rc8] עc8}) 19.
c5 Qa5 20. Ne4 Qb4 $1 21. Nd6+ Rxd6 22. cxd6 Nd7 {Although the position looks
quite promising for White, Anand was still playing very fast...} 23. a4 Qxd6
24. Bf3 Nb6 25. axb5 cxb5 26. Bxb7+ Kxb7 27. Qh5 Nd5 28. Qxh6 Nf4 29. Kh1 Qd5
30. f3 Rd8 $44 31. Qg7 Rd7 32. Qf8 Ne2 33. Rfe1 Nxd4 34. Red1 e5 35. Rac1 Qd6
36. Qg8 f6 37. Rc8 a5 38. h3 a4 39. Qe8 Kb6 40. Rb8+ Ka5 41. Ra8+ {1/2,Kramnik,
V (2769)-Anand,V (2792)/WCh Mexico City/2007/ A very complex game, the whole
line will undoubtedly develop in the near future.}) 12. Nxd7 Qxd7 13. Qc1 $5
$146 {[%mdl 8] Kramnik doesn't hurry to centralize his B and comes up with an
interesting novelty.} ({Previously White played} 13. Be5 Rh6 14. Qc1 {but the
most recent games have show Black can profit from the exposed Be5 with} Ng4 $1
15. Bxg4 hxg4 16. Qxg5 Rg6 17. Qe3 f6 18. Bg3 Kf7 $5 ({Risky, but also
interesting is} 18... Bh6 19. Qe2 Qxd4 $5 20. Rfd1 Qc5 21. e5 (21. a4 $5) 21...
f5 22. Bh4 Bf4 23. Bf6 Rxf6 24. exf6 Qe5 25. Re1 Qxe2 26. Nxe2 Bd2 27. Red1 Rd8
28. a4 {Korobov,A (2530)-Zubov,A (2552)/Odessa/2007/} a5 $1 $15) 19. Rad1 Rd8
20. a3 a5 21. Qe1 $6 (21. Rfe1 $13) 21... Ba6 $1 22. Ne2 b4 23. Nf4 Rg5 24.
axb4 axb4 25. e5 c3 26. d5 cxd5 27. Rxd5 {Mekhitarian,K (2420)-Ehlvest,J (2629)
/Panamerican Cali/2007/} Qc8 $1 $17) 13... Rg8 (13... b4 $6 14. Be5 Rh6 15. Na4
Nxe4 16. Rd1 $44 {/\Nc5 Black should always be extremely cautious about
breaking up his mighty << pawn-chain.}) ({A possible alternative is} 13... Be7
14. Rd1 $13) ({Not quite clear, but decidedly risky is} 13... Qxd4 $6 14. Qxg5
Nd7 (14... Nxe4 15. Nxe4 Qxe4 16. Rad1 Be7 17. Qg7 Rf8 18. Bf3 $36) 15. Rfd1
Qf6 16. Qd2 O-O-O 17. e5 $44 {In this line, contrary to the positions after 10.
h4 g4, White's B has access to f3 and can become a powerful atttacking piece.})
14. Rd1 Bb4 {This was possibly an unexpected reaction, as now Kramnik started
spending more time as well.} (14... O-O-O 15. a4 $44 {/\} b4 16. Nb5 $5 cxb5
17. axb5 Bd6 (17... Qxb5 $2 18. Bxc4 Qc6 19. Bb5 $18) (17... c3 18. bxc3 b3 19.
Rxa7 $40) 18. Qxc4+ Qc7 19. Bxd6 Qxc4 20. Bxc4 Rxd6 21. e5 $14) 15. Qe3 $1 {
White already seriously prepares d5.} (15. Be5 Ng4 $13) 15... Qe7 16. h3 {
A modest move.} (16. e5 $5 Nd5 (16... Ng4 17. Bxg4 hxg4 18. Ne4 $40) (16... Nd7
17. Ne4 h4 18. a3 $1 $16) 17. Nxd5 cxd5 18. Bxh5 Ba5 $14 {[%cal Ya5b6,Yb5b4] /
<=>,/\b4,Bb6}) 16... h4 17. Bh2 {Kramnik quite stubbornly doesn't want to go
to e5 with his B, although here} (17. Be5 $5 $44 {deserved serious attention.})
17... Bxc3 {Exchanging the B is committal, but consistent.} (17... O-O-O 18. a4
$40) (17... g4 18. e5 g3 19. fxg3 hxg3 20. Bxg3 $14) 18. bxc3 g4 19. Kh1 {
This isn't ideal, White will have to take on g4 anyway and he could have done
so immediately:} (19. Bxg4 $142 Nxg4 20. hxg4 Rxg4 21. f3 $44 {[%csl Rb7,Gh2]
^-|^}) (19. Kf1 {is an interesting suggestion by Shipov, here the K can be
safer, than in the corner.}) 19... c5 $5 (19... gxh3 20. gxh3 c5 21. Bf3 $44 {
[%csl Gd4,Ge4][%cal Yd1g1,Gg1g8] [+],/\Rg1,<->g}) 20. hxg4 (20. Bxg4 Bxe4 $5 (
20... Nxg4 21. hxg4 Rxg4 22. f3 cxd4 23. Qxd4 Rg8 24. a4 $44) 21. dxc5 Nxg4 22.
hxg4 Bd5 $15) 20... cxd4 (20... Nxe4 21. dxc5 h3 (21... Qxc5 $2 22. Rd4 $16)
22. f3 hxg2+ 23. Kg1 Ng5 24. Rd6 Bd5 $13) 21. Rxd4 (21. Qxd4 $5 Nxe4 {/\h3|^}
22. Kg1 $13) 21... e5 $1 {This important intermediate move limits Whte's B.}
22. Rdd1 (22. Rd2 $5 Nxe4 23. Rb2 Qg5 $5 24. Qxg5 Rxg5 25. Rxb5 Bc6 26. Rxe5+
Rxe5 27. Bxe5 Nxf2+ 28. Kh2 Nd3 $11) 22... Nxg4 (22... Nxe4 23. Bf3 Qc5 24.
Bxe4 $1 Qxe3 25. Bxb7 $14) 23. Bxg4 Rxg4 24. f3 Rg6 25. a4 a5 $6 {Gelfand
wants to keep the <->a closed at any cost, but although} (25... a6 26. axb5
axb5 27. Ra7 {looks dangerous, after} Kf8 $11 {White still has nothing
concrete.}) 26. axb5 a4 27. Qe2 Qc5 28. Rab1 ({White should have kept an eye
on the Pa4 with} 28. Rdb1 $1 $14) 28... Rd6 (28... a3 $142 29. Bg1 Qc7 (29...
Qe7 30. Qxc4 h3 31. g4 $14) 30. Rb4 h3 $5 $132) 29. Rxd6 Qxd6 30. Qxc4 a3 31.
Ra1 h3 $1 {[%mdl 256] Active defence by Gelfand, he seeks <=> on both sides of
the board.} (31... Rc8 32. Qb4 $14) 32. Qe2 (32. g4 $6 {worked earlier, but
now runs into} Rc8 $5 $36 (32... Qd2 $15)) (32. gxh3 Rc8 {is similar.}) 32...
hxg2+ 33. Qxg2 O-O-O $1 $132 {After the game Kramnik said he simply didn't
realize Black could still castle! Now both K are vulnerable and the extra P is
of little consquence.} 34. Qa2 {White goes for drawish simplification.} (34.
Qg7 f6 $44) ({More ambitious is} 34. c4 $5 {when Black should probably again
prefer the modest} f6 $13 {/+/=} (34... f5 $143 35. Qh3 Rf8 36. c5 $1 Qd4 (
36... Qxc5 $2 37. Qh6 $1 f4 (37... Kb8 38. Bxe5+) 38. Bg1 $18 {and suddenly
White has a decisive ->.}) 37. Rf1 $5 (37. Rxa3 $14) 37... a2 (37... Qc4 38. c6
Ba8 39. exf5) 38. Qh6 Re8 39. Qg6 $36)) 34... f5 35. Qxa3 fxe4 $138 ({Gelfand
spent the last remanants of his time considering} 35... Qd3 {, but this
doesn't give Black anything tangible:} 36. Qc5+ (36. c4 $5 fxe4 37. Bxe5 $11)
36... Kd7 37. Qf2 fxe4 38. Bxe5 Qxf3+ (38... e3 39. Qg2 $14) 39. Qxf3 exf3 40.
Kh2 $11) 36. Qxd6 Rxd6 37. fxe4 (37. Bxe5 Rd2 (37... Rd5 $11) 38. fxe4 Bxe4+
39. Kg1 Rd5 $11) 37... Bxe4+ 38. Kg1 Bd3 39. Bxe5 (39. c4 Bxc4 40. Rc1 Rd4 41.
Bxe5 Re4 $11) 39... Rg6+ 40. Kf2 Bxb5 $11 {The time-control being over,
Kramnik didn't want to invest more energy into this drawn _|_.} 1/2-1/2